00299pam a2200121 a 4500020000500000041000800005082000800013100002100021245005700042250002100099260004400120300001300164 c aeng bBRI aBrigham Eugene . aFundametal Of fincaical Mangment hTextual Documents a2008 / b10 th . a[s.l]:bSouth Western Cengage Learning  a831 pg .